000 00492nam a2200157Ia 4500
005 20250620015416.0
008 240331s9999 xx 000 0 und d
020 _a9789551655877
082 _bLLR
_a323
245 0 _aUgath Padam ha Prathisandanaya Pilibanda komisame Nirdesha (LLRC)
260 _aColombo
_bCPA
_c2012
300 _aviii. 144 p .,
500 _aRecommendations of the Commission on Lesson learned on reconciliation commission
700 _aPunchiheva,S.A.
_eedt
942 _cL
999 _c5796
_d5796